[Event "LSS No Engine Cup 204 Preliminary 0"]
[Site "LSS email"]
[Date "2020.06.05"]
[Round "?"]
[White "Losev, Vyacheslav"]
[Black "Kuttner, Jaromir"]
[Result "0-1"]
[WhiteElo "1458"]
[BlackElo "1101"]
[PlyCount "96"]
[EventDate "2020.06.05"]
[EventType "tourn (corr)"]
[EventRounds "6"]
[EventCountry "GER"]
[SourceTitle "Corr 2022"]
[Source "ChessBase"]
[SourceDate "2021.10.24"]
[SourceVersion "1"]
[SourceVersionDate "2021.10.24"]
[SourceQuality "1"]

1. e4 c5 2. Nf3 Nc6 3. d4 cxd4 4. Nxd4 g6 5. Nc3 Bg7 6. Be3 Nf6 7. Bd3 0-0 8. 0-0 d5 9. exd5 Nxd5 10. Nxd5 Nxd4 11. Nf4 e5 12. Ne2 Bg4 13. h3 Be6 14. c3 Nxe2+ 15. Qxe2 Qc7 16. a4 a6 17. c4 f5 18. b3 e4 19. Bc2 Bxa1 20. Rxa1 Rfd8 21. a5 Qc6 22. Bg5 Rd7 23. h4 Kg7 24. Qe3 Bf7 25. Ra4 Qd6 26. Qc3+ Qd4 27. Qxd4+ Rxd4 28. g3 h6 29. Be3 Rd7 30. c5 Rad8 31. Kg2 Bd5 32. Kh3 Bc6 33. Rb4 Bb5 34. g4 Bd3 35. c6 bxc6 36. Bd1 Bf1+ 37. Kg3 Rxd1 38. gxf5 gxf5 39. f3 R1d3 40. Kf4 exf3 41. Kxf3 Re8 42. Rb7+ Kg6 43. Kf2 Rexe3 44. Kxf1 Rxb3 45. Rd7 Rb2 46. Rd6+ Kh5 47. Rxc6 Rh3 48. Rxa6 Rh1# 0-1

[Event "LSS No Engine Cup 204 Preliminary 0"]
[Site "LSS email"]
[Date "2020.06.05"]
[Round "?"]
[White "Losev, Vyacheslav"]
[Black "Mostowik, Pawel"]
[Result "0-1"]
[WhiteElo "1458"]
[BlackElo "2129"]
[PlyCount "26"]
[EventDate "2020.06.05"]
[EventType "tourn (corr)"]
[EventRounds "6"]
[EventCountry "GER"]
[SourceTitle "Corr 2022"]
[Source "ChessBase"]
[SourceDate "2021.10.24"]
[SourceVersion "1"]
[SourceVersionDate "2021.10.24"]
[SourceQuality "1"]

1. e4 c5 2. Nf3 e6 3. Nc3 a6 4. d4 cxd4 5. Qxd4 Nc6 6. Qe3 Be7 7. Bd3 d5 8. 0-0 d4 9. Nxd4 Qxd4 10. Qg3 Bd6 11. Qg4 Ne5 12. Qxg7 Nf3+ 13. Kh1 Qxg7 0-1

[Event "RN-2015-0-00970"]
[Site "LSS email"]
[Date "2015.05.05"]
[Round "?"]
[White "Losev, Vyacheslav"]
[Black "Raines, David T"]
[Result "0-1"]
[WhiteElo "793"]
[BlackElo "1123"]
[PlyCount "54"]
[EventDate "2015.04.30"]
[EventType "tourn (corr)"]
[EventRounds "6"]
[EventCountry "GER"]
[SourceTitle "Corr 2022"]
[Source "ChessBase"]
[SourceDate "2021.10.24"]
[SourceVersion "1"]
[SourceVersionDate "2021.10.24"]
[SourceQuality "1"]

1. e4 c5 2. Nf3 d6 3. Nc3 Nc6 4. Bb5 Bd7 5. d3 Nf6 6. Bg5 e6 7. 0-0 Be7 8. a3 0-0 9. b4 cxb4 10. Bxc6 Bxc6 11. axb4 a6 12. d4 Rc8 13. Qd2 d5 14. e5 Nd7 15. Ne2 f6 16. Bh4 fxe5 17. dxe5 Bxh4 18. Nxh4 Qxh4 19. g3 Qe7 20. Qg5 Qxg5 21. h4 Qxe5 22. Nf4 Rxf4 23. gxf4 Qxf4 24. f3 Qg3+ 25. Kh1 d4 26. Rg1 Bxf3+ 27. Rg2 Qxg2# 0-1

[Event "RN-2015-0-00970"]
[Site "LSS email"]
[Date "2015.05.05"]
[Round "?"]
[White "Losev, Vyacheslav"]
[Black "Venturas, Bob"]
[Result "1-0"]
[WhiteElo "793"]
[BlackElo "667"]
[PlyCount "35"]
[EventDate "2015.04.30"]
[EventType "tourn (corr)"]
[EventRounds "6"]
[EventCountry "GER"]
[SourceTitle "Corr 2022"]
[Source "ChessBase"]
[SourceDate "2021.10.24"]
[SourceVersion "1"]
[SourceVersionDate "2021.10.24"]
[SourceQuality "1"]

1. e4 e5 2. Nf3 Nc6 3. Nc3 a6 4. Bc4 h6 5. d3 Bc5 6. 0-0 Nf6 7. a3 d6 8. Be3 0-0 9. Nd5 Bg4 10. h3 Bh5 11. c3 Kh8 12. b4 Ba7 13. Qd2 Bxf3 14. gxf3 Ne7 15. Bxh6 Rg8 16. Bg5 Ng6 17. Bxf6 gxf6 18. Qh6# 1-0

[Event "SN-2015-0-00677"]
[Site "LSS email"]
[Date "2015.05.01"]
[Round "?"]
[White "Losev, Vyacheslav"]
[Black "Ualpaev, Sergej"]
[Result "1-0"]
[WhiteElo "772"]
[BlackElo "831"]
[PlyCount "31"]
[EventDate "2015.04.11"]
[EventType "tourn (corr)"]
[EventRounds "6"]
[EventCountry "GER"]
[SourceTitle "Corr 2022"]
[Source "ChessBase"]
[SourceDate "2021.10.24"]
[SourceVersion "1"]
[SourceVersionDate "2021.10.24"]
[SourceQuality "1"]

1. e4 e6 2. Nf3 Bc5 3. Nc3 Nf6 4. Bc4 Bxf2+ 5. Kxf2 c6 6. Rf1 Qb6+ 7. d4 Ng4+ 8. Kg1 0-0 9. h3 Nf6 10. Kh1 d5 11. exd5 cxd5 12. Bd3 Nh5 13. Bxh7+ Kxh7 14. Ng5+ Kh8 15. Qxh5+ Kg8 16. Qh7# 1-0

[Event "RN-2015-0-00961"]
[Site "LSS email"]
[Date "2015.04.21"]
[Round "?"]
[White "Losev, Vyacheslav"]
[Black "Bieszk, Stanislaw"]
[Result "1-0"]
[WhiteElo "766"]
[BlackElo "917"]
[PlyCount "29"]
[EventDate "2015.04.12"]
[EventType "tourn (corr)"]
[EventRounds "6"]
[EventCountry "GER"]
[SourceTitle "Corr 2022"]
[Source "ChessBase"]
[SourceDate "2021.10.24"]
[SourceVersion "1"]
[SourceVersionDate "2021.10.24"]
[SourceQuality "1"]

1. e4 d6 2. d4 Nf6 3. Nc3 g6 4. Nf3 Bg7 5. Bc4 0-0 6. h3 c6 7. Bg5 a5 8. 0-0 b5 9. Bd3 Re8 10. e5 dxe5 11. Nxe5 Bb7 12. Qf3 Qc7 13. Bf4 Nh5 14. Nxg6 Qxf4 15. Nxf4 1-0

[Event "RN-2015-0-00961"]
[Site "LSS email"]
[Date "2015.04.21"]
[Round "?"]
[White "Losev, Vyacheslav"]
[Black "Bortnicker, Justin"]
[Result "0-1"]
[WhiteElo "766"]
[BlackElo "872"]
[PlyCount "100"]
[EventDate "2015.04.12"]
[EventType "tourn (corr)"]
[EventRounds "6"]
[EventCountry "GER"]
[SourceTitle "Corr 2022"]
[Source "ChessBase"]
[SourceDate "2021.10.24"]
[SourceVersion "1"]
[SourceVersionDate "2021.10.24"]
[SourceQuality "1"]

1. e4 e5 2. Nf3 Nf6 3. Nc3 Nc6 4. Bb5 a6 5. Ba4 Bb4 6. a3 Ba5 7. 0-0 0-0 8. Bxc6 bxc6 9. d3 Re8 10. Bg5 d6 11. h3 Qe7 12. b4 Bb6 13. a4 h6 14. Bh4 Qe6 15. a5 Ba7 16. Ne2 d5 17. Ng3 dxe4 18. dxe4 Bb7 19. Nf5 Nxe4 20. c4 Qxf5 21. c5 Bc8 22. Bg3 Nxg3 23. fxg3 Qe4 24. Qd2 Be6 25. Rae1 Qd5 26. Qxd5 cxd5 27. Nxe5 f6 28. Ng6 Kf7 29. Nf4 Rab8 30. Nd3 c6 31. g4 Bd7 32. Kf2 Rxe1 33. Rxe1 g5 34. Kf3 Re8 35. g3 Bb8 36. h4 Rxe1 37. Nxe1 Be5 38. Nc2 Ke6 39. Ne3 Kf7 40. Nf5 Bxf5 41. gxf5 Bc3 42. Kg4 Bxb4 43. Kh5 Kg7 44. hxg5 hxg5 45. g4 Kf7 46. Kh6 d4 47. Kh7 d3 48. Kh8 d2 49. Kh7 d1Q 50. Kh8 Qh1# 0-1

[Event "RN-2015-0-00961"]
[Site "LSS email"]
[Date "2015.04.21"]
[Round "?"]
[White "Neumann, Otto"]
[Black "Losev, Vyacheslav"]
[Result "0-1"]
[WhiteElo "745"]
[BlackElo "766"]
[PlyCount "28"]
[EventDate "2015.04.12"]
[EventType "tourn (corr)"]
[EventRounds "6"]
[EventCountry "GER"]
[SourceTitle "Corr 2022"]
[Source "ChessBase"]
[SourceDate "2021.10.24"]
[SourceVersion "1"]
[SourceVersionDate "2021.10.24"]
[SourceQuality "1"]

1. d4 d5 2. Nf3 Nc6 3. Bf4 Nf6 4. e3 Bg4 5. Be2 e6 6. 0-0 Bd6 7. Bg5 h6 8. Bh4 0-0 9. c3 e5 10. dxe5 Bxf3 11. Bxf3 Bxe5 12. Bxd5 Qxd5 13. Bxf6 Qxd1 14. Rxd1 Bxf6 0-1

[Event "SN-2015-0-00672"]
[Site "LSS email"]
[Date "2015.04.08"]
[Round "?"]
[White "Losev, Vyacheslav"]
[Black "Lenz, Juergen"]
[Result "0-1"]
[WhiteElo "735"]
[BlackElo "1095"]
[PlyCount "100"]
[EventDate "2015.03.10"]
[EventType "tourn (corr)"]
[EventRounds "6"]
[EventCountry "GER"]
[SourceTitle "Corr 2022"]
[Source "ChessBase"]
[SourceDate "2021.10.24"]
[SourceVersion "1"]
[SourceVersionDate "2021.10.24"]
[SourceQuality "1"]

1. e4 Nf6 2. Nc3 d5 3. e5 Nfd7 4. d4 c5 5. Bb5 e6 6. Nf3 cxd4 7. Nxd4 Bc5 8. Be3 0-0 9. 0-0 Nxe5 10. a3 Qe7 11. b4 Bb6 12. Qh5 Ng6 13. Nce2 Bd7 14. Bd3 Qf6 15. Bg5 Qe5 16. Nf3 Qc7 17. Bxg6 hxg6 18. Qh4 Nc6 19. b5 Ne5 20. Nxe5 Qxe5 21. Rfe1 Qc7 22. a4 Bc5 23. Bf4 Bd6 24. Rac1 Bxf4 25. Nxf4 Rac8 26. h3 Qc3 27. Qe7 Qc7 28. g3 Rfe8 29. Qb4 Qc5 30. Qxc5 Rxc5 31. Nd3 Rc3 32. Ne5 Rd8 33. Re3 Rxe3 34. fxe3 Be8 35. Kf2 f6 36. Nd3 Rc8 37. Kf3 e5 38. e4 Bf7 39. g4 dxe4+ 40. Kxe4 Rc4+ 41. Ke3 Rxa4 42. Nc5 Ra3+ 43. c3 b6 44. Nd7 Be6 45. Nb8 Bc4 46. Nd7 Bxb5 47. Nb8 Kf7 48. Ke4 Ke6 49. c4 f5+ 50. gxf5+ gxf5# 0-1

[Event "RN-2015-0-00949"]
[Site "LSS email"]
[Date "2015.03.31"]
[Round "?"]
[White "Losev, Vyacheslav"]
[Black "Bester, Kazimierz"]
[Result "0-1"]
[WhiteElo "741"]
[BlackElo "667"]
[PlyCount "78"]
[EventDate "2015.03.20"]
[EventType "tourn (corr)"]
[EventRounds "6"]
[EventCountry "GER"]
[SourceTitle "Corr 2022"]
[Source "ChessBase"]
[SourceDate "2021.10.24"]
[SourceVersion "1"]
[SourceVersionDate "2021.10.24"]
[SourceQuality "1"]

1. e4 d5 2. exd5 Qxd5 3. Nf3 Nc6 4. Nc3 Qa5 5. d4 Bg4 6. h3 Bxf3 7. Qxf3 Nf6 8. Bc4 e6 9. 0-0 0-0-0 10. Bf4 Nxd4 11. Qd3 Nf5 12. Qf3 Nd4 13. Qd3 Nc6 14. Qe3 a6 15. b3 Kb8 16. Na4 Ka8 17. Rad1 Rc8 18. Nc5 Bxc5 19. Qg3 Nh5 20. Qh4 Nxf4 21. Qxf4 Rhf8 22. a4 e5 23. Qg5 g6 24. Qf6 Bd4 25. Bxf7 e4 26. Qg7 e3 27. fxe3 Bxg7 28. Bc4 Rxf1+ 29. Rxf1 Qd2 30. Bd3 Qxe3+ 31. Kh1 Ne5 32. b4 Nxd3 33. cxd3 Qxd3 34. Kg1 Bd4+ 35. Rf2 Bxf2+ 36. Kxf2 Rf8+ 37. Kg1 Rf1+ 38. Kh2 Qd6+ 39. g3 Qd2# 0-1

[Event "RN-2015-0-00949"]
[Site "LSS email"]
[Date "2015.03.31"]
[Round "?"]
[White "Vontina, Maria"]
[Black "Losev, Vyacheslav"]
[Result "0-1"]
[WhiteElo "718"]
[BlackElo "741"]
[PlyCount "116"]
[EventDate "2015.03.20"]
[EventType "tourn (corr)"]
[EventRounds "6"]
[EventCountry "GER"]
[SourceTitle "Corr 2022"]
[Source "ChessBase"]
[SourceDate "2021.10.24"]
[SourceVersion "1"]
[SourceVersionDate "2021.10.24"]
[SourceQuality "1"]

1. e4 e5 2. Nf3 Nc6 3. Bb5 a6 4. Ba4 Nf6 5. 0-0 Bc5 6. Nc3 0-0 7. d3 b5 8. Bb3 b4 9. Nd5 Nxd5 10. Bxd5 Qf6 11. Bg5 Qg6 12. Bh4 a5 13. Bg3 Bd6 14. Qd2 Ra6 15. c3 Ne7 16. Bb3 Bc5 17. Rae1 d6 18. Bc4 Rb6 19. d4 bxc3 20. bxc3 exd4 21. Nxd4 c6 22. Rb1 Rxb1 23. Rxb1 Qxe4 24. Bd3 Qg4 25. Re1 Nf5 26. Nxf5 Bxf5 27. Bxf5 Qxf5 28. Bxd6 Bxd6 29. Qxd6 c5 30. Qd2 c4 31. Qd4 Qb5 32. h3 h6 33. Re4 Qb1+ 34. Kh2 Qxa2 35. Qxc4 Qxc4 36. Rxc4 Ra8 37. Ra4 Kf8 38. Kg3 Ke7 39. Kf4 Kd6 40. Ke4 Kc5 41. c4 Kb6 42. Kd3 Rd8+ 43. Kc3 f5 44. f4 Rd1 45. Ra2 Rf1 46. g3 Rf3+ 47. Kd4 Rxg3 48. Ke5 Rxh3 49. Kxf5 Rh5+ 50. Kg6 Rc5 51. Ra4 h5 52. f5 h4 53. Kxg7 Rxf5 54. c5+ Rxc5 55. Rxh4 Kb5 56. Kf6 a4 57. Ke6 Rc3 58. Kd5 a3 0-1

[Event "RN-2015-0-00941"]
[Site "LSS email"]
[Date "2015.03.13"]
[Round "?"]
[White "Fridich St, Vaclav"]
[Black "Losev, Vyacheslav"]
[Result "1-0"]
[WhiteElo "1082"]
[BlackElo "718"]
[PlyCount "105"]
[EventDate "2015.03.04"]
[EventType "tourn (corr)"]
[EventRounds "6"]
[EventCountry "GER"]
[SourceTitle "Corr 2022"]
[Source "ChessBase"]
[SourceDate "2021.10.24"]
[SourceVersion "1"]
[SourceVersionDate "2021.10.24"]
[SourceQuality "1"]

1. e4 e5 2. Nf3 Nc6 3. Bc4 Nf6 4. d3 Bb4+ 5. c3 Ba5 6. 0-0 d6 7. Bg5 h6 8. Bh4 Bg4 9. Nbd2 0-0 10. h3 Bh5 11. a4 a6 12. b4 Bb6 13. Qb3 Ba7 14. Ra2 b5 15. axb5 axb5 16. Bxb5 Nb8 17. Rfa1 Bxf3 18. Nxf3 Bxf2+ 19. Bxf2 Rxa2 20. Rxa2 c6 21. Ba4 d5 22. exd5 cxd5 23. Nxe5 Qd6 24. Nf3 Rc8 25. Bd4 Qf4 26. Qc2 Nh5 27. Qd2 Qxd2 28. Nxd2 Nf4 29. Bc2 Nc6 30. Bc5 Ne2+ 31. Kf2 Nxc3 32. Ra3 Nb5 33. Ra2 Ne5 34. Ra5 Nc7 35. Bb1 Ne6 36. d4 Nc4 37. Nxc4 g5 38. Nd6 Rb8 39. Bf5 Nxc5 40. bxc5 Kf8 41. Ra7 Kg7 42. Rxf7+ Kg8 43. Rb7 Rxb7 44. Nxb7 Kf7 45. g4 Kf6 46. c6 h5 47. c7 hxg4 48. hxg4 Ke7 49. c8Q Kf7 50. Qe6+ Kf8 51. Bg6 Kg7 52. Qf7+ Kh6 53. Qh7# 1-0

[Event "RN-2015-0-00941"]
[Site "LSS email"]
[Date "2015.03.13"]
[Round "?"]
[White "Guaimare Rodriguez, Carlos Luis"]
[Black "Losev, Vyacheslav"]
[Result "1/2-1/2"]
[WhiteElo "1015"]
[BlackElo "718"]
[PlyCount "51"]
[EventDate "2015.03.04"]
[EventType "tourn (corr)"]
[EventRounds "6"]
[EventCountry "GER"]
[SourceTitle "Corr 2022"]
[Source "ChessBase"]
[SourceDate "2021.10.24"]
[SourceVersion "1"]
[SourceVersionDate "2021.10.24"]
[SourceQuality "1"]

1. e4 e5 2. Nf3 Nc6 3. Bb5 a6 4. Ba4 Nf6 5. 0-0 Bc5 6. c3 0-0 7. d4 exd4 8. cxd4 Bb6 9. d5 Nb4 10. a3 Nxe4 11. axb4 Qf6 12. Qc2 Nd6 13. Nc3 c6 14. Bg5 Qg6 15. Qxg6 fxg6 16. Be7 Rxf3 17. gxf3 Nf5 18. d6 Bd4 19. Bb3+ Kh8 20. Rfe1 b6 21. Bd8 h5 22. Re8+ Kh7 23. Bg5 Nxd6 24. Ree1 Nf5 25. Rad1 d5 26. Re8 1/2-1/2

[Event "RN-2015-0-00934"]
[Site "LSS email"]
[Date "2015.03.01"]
[Round "?"]
[White "Neumann, Frank"]
[Black "Losev, Vyacheslav"]
[Result "0-1"]
[WhiteElo "448"]
[BlackElo "718"]
[PlyCount "52"]
[EventDate "2015.02.22"]
[EventType "tourn (corr)"]
[EventRounds "6"]
[EventCountry "GER"]
[SourceTitle "Corr 2022"]
[Source "ChessBase"]
[SourceDate "2021.10.24"]
[SourceVersion "1"]
[SourceVersionDate "2021.10.24"]
[SourceQuality "1"]

1. e4 e5 2. Nf3 Nc6 3. Be2 Nf6 4. Nc3 Bb4 5. 0-0 d6 6. a3 Ba5 7. b4 Bb6 8. Na4 Bg4 9. Bb2 Nxe4 10. d3 Nf6 11. c4 a6 12. Nxb6 cxb6 13. b5 axb5 14. cxb5 Ne7 15. Qb3 0-0 16. h3 Bh5 17. Kh2 Nf5 18. g4 Nxg4+ 19. hxg4 Bxg4 20. Rg1 Bxf3 21. Bxf3 Qh4+ 22. Kg2 Qf4 23. Bc1 Nh4+ 24. Kf1 Qxf3 25. Rg3 Qh5 26. Qd5 Qd1# 0-1

[Event "SN-2015-0-00660"]
[Site "LSS email"]
[Date "2015.02.03"]
[Round "?"]
[White "Losev, Vyacheslav"]
[Black "Linart, Ludvik"]
[Result "0-1"]
[WhiteElo "759"]
[BlackElo "991"]
[PlyCount "52"]
[EventDate "2015.01.22"]
[EventType "tourn (corr)"]
[EventRounds "6"]
[EventCountry "GER"]
[SourceTitle "Corr 2022"]
[Source "ChessBase"]
[SourceDate "2021.10.24"]
[SourceVersion "1"]
[SourceVersionDate "2021.10.24"]
[SourceQuality "1"]

1. e4 e5 2. Nf3 Nc6 3. Nc3 Nf6 4. Bb5 Bc5 5. d3 0-0 6. Bg5 h6 7. Bh4 Nd4 8. Nxe5 d6 9. Nc4 c6 10. e5 dxe5 11. Ba4 b5 12. Bxb5 cxb5 13. Nxe5 Re8 14. Bg3 Ng4 15. 0-0 Nxe5 16. Qh5 Bg4 17. Qh4 Be7 18. Bxe5 Bxh4 19. Bxd4 Qxd4 20. Nxb5 Qxb2 21. Nc7 Bxf2+ 22. Kh1 Qxc2 23. Nxa8 Bh3 24. Rfc1 Qxd3 25. Nc7 Qe4 26. Nxe8 Bxg2# 0-1

[Event "SN-2015-0-00660"]
[Site "LSS email"]
[Date "2015.02.03"]
[Round "?"]
[White "Siegert, Daniel"]
[Black "Losev, Vyacheslav"]
[Result "1-0"]
[WhiteElo "1316"]
[BlackElo "759"]
[PlyCount "61"]
[EventDate "2015.01.22"]
[EventType "tourn (corr)"]
[EventRounds "6"]
[EventCountry "GER"]
[SourceTitle "Corr 2022"]
[Source "ChessBase"]
[SourceDate "2021.10.24"]
[SourceVersion "1"]
[SourceVersionDate "2021.10.24"]
[SourceQuality "1"]

1. e4 e5 2. Nf3 Nc6 3. Bb5 a6 4. Ba4 b5 5. Bb3 Nf6 6. 0-0 Bc5 7. d3 0-0 8. Nc3 d6 9. Bg5 h6 10. Bh4 Nd4 11. Nxd4 exd4 12. Nd5 g5 13. Bg3 Nxd5 14. Bxd5 Ra7 15. f4 Kg7 16. f5 a5 17. f6+ Kg6 18. h4 h5 19. hxg5 Bg4 20. Qd2 Ra6 21. Rf4 c6 22. Bxf7+ Rxf7 23. Re1 a4 24. Bf2 a3 25. b4 Bb6 26. Bg3 c5 27. Qf2 cxb4 28. Rxg4 hxg4 29. Qf5+ Kh5 30. g6+ Kh6 31. Bf4# 1-0

[Event "SN-2015-0-00660"]
[Site "LSS email"]
[Date "2015.02.02"]
[Round "?"]
[White "Losev, Vyacheslav"]
[Black "Lenz, Juergen"]
[Result "0-1"]
[WhiteElo "759"]
[BlackElo "1166"]
[PlyCount "74"]
[EventDate "2015.01.22"]
[EventType "tourn (corr)"]
[EventRounds "6"]
[EventCountry "GER"]
[SourceTitle "Corr 2022"]
[Source "ChessBase"]
[SourceDate "2021.10.24"]
[SourceVersion "1"]
[SourceVersionDate "2021.10.24"]
[SourceQuality "1"]

1. e4 Nf6 2. Nc3 d5 3. e5 Nfd7 4. d4 c5 5. Nxd5 cxd4 6. Qxd4 Nb6 7. Bb5+ Nc6 8. Qe4 Qxd5 9. Qxd5 Nxd5 10. c4 Nc7 11. Bxc6+ bxc6 12. Nf3 Ne6 13. 0-0 Ba6 14. b3 0-0-0 15. Be3 c5 16. Nd2 Nd4 17. Ne4 e6 18. h3 Be7 19. Rad1 Bb7 20. Ng5 Bxg5 21. Bxg5 Rd7 22. Rd3 h6 23. Be3 Ne2+ 24. Kh2 Rxd3 25. Bxc5 Rhd8 26. Bxa7 Rd1 27. Rxd1 Rxd1 28. a4 Rb1 29. a5 Rxb3 30. c5 Rb2 31. Bb6 Nd4 32. c6 Nxc6 33. f4 Nb8 34. Kg3 Rxg2+ 35. Kh4 Bf3 36. Bc5 g5+ 37. fxg5 hxg5# 0-1

[Event "RN-2015-0-00909"]
[Site "LSS email"]
[Date "2015.01.12"]
[Round "?"]
[White "Losev, Vyacheslav"]
[Black "Bester, Kazimierz"]
[Result "0-1"]
[WhiteElo "778"]
[BlackElo "742"]
[PlyCount "160"]
[EventDate "2015.01.05"]
[EventType "tourn (corr)"]
[EventRounds "6"]
[EventCountry "GER"]
[SourceTitle "Corr 2022"]
[Source "ChessBase"]
[SourceDate "2021.10.24"]
[SourceVersion "1"]
[SourceVersionDate "2021.10.24"]
[SourceQuality "1"]

1. e4 d5 2. e5 Nc6 3. Nf3 Bg4 4. h3 Bxf3 5. Qxf3 Nxe5 6. Qb3 Rb8 7. Bb5+ c6 8. Be2 e6 9. d4 Nd7 10. Nc3 Ngf6 11. Bg5 Be7 12. 0-0 a6 13. Bg4 Nxg4 14. Bxe7 Qxe7 15. hxg4 0-0 16. Ne2 Qg5 17. Qf3 e5 18. Qf5 Qxf5 19. gxf5 f6 20. c3 e4 21. Nf4 Rfe8 22. b4 e3 23. Ne6 exf2+ 24. Rxf2 Nb6 25. Rf3 Nc4 26. Rg3 Re7 27. a4 Nd2 28. Re1 Ne4 29. Rge3 b5 30. a5 Rbe8 31. g3 Nd2 32. g4 Nc4 33. Rh3 Nd6 34. Kf2 Ne4+ 35. Kf3 Nd2+ 36. Kf4 h6 37. Reh1 Ne4 38. R1h2 Nd6 39. Nxg7 Rxg7 40. Rxh6 Re4+ 41. Kf3 Nf7 42. Rxf6 Ng5+ 43. Kf2 Rxg4 44. Rxc6 Ne4+ 45. Ke2 Ng3+ 46. Kf3 Nxf5 47. Rc8+ Kf7 48. Rc7+ Kf6 49. Rxg7 Rxg7 50. Kf4 Nd6 51. Rh5 Ke6 52. Re5+ Kd7 53. Rxd5 Rf7+ 54. Kg4 Ke7 55. Re5+ Kd7 56. d5 Rf6 57. Re3 Nc4 58. Re4 Kd6 59. Kg5 Kxd5 60. Kxf6 Kxe4 61. Ke6 Kd3 62. Kd7 Kxc3 63. Kc6 Kxb4 64. Kb7 Kxa5 65. Kc6 b4 66. Kc5 Nb6 67. Kd4 b3 68. Kc3 Ka4 69. Kb2 Nc4+ 70. Ka1 Ka3 71. Kb1 a5 72. Ka1 a4 73. Kb1 Kb4 74. Kc1 a3 75. Kb1 a2+ 76. Ka1 Na3 77. Kb2 Nc2 78. Kc1 a1Q+ 79. Kd2 Qe1+ 80. Kd3 Qe3# 0-1

[Event "RN-2015-0-00909"]
[Site "LSS email"]
[Date "2015.01.12"]
[Round "?"]
[White "Losev, Vyacheslav"]
[Black "Nejdek, Petr"]
[Result "1-0"]
[WhiteElo "778"]
[BlackElo "551"]
[PlyCount "41"]
[EventDate "2015.01.05"]
[EventType "tourn (corr)"]
[EventRounds "6"]
[EventCountry "GER"]
[SourceTitle "Corr 2022"]
[Source "ChessBase"]
[SourceDate "2021.10.24"]
[SourceVersion "1"]
[SourceVersionDate "2021.10.24"]
[SourceQuality "1"]

1. e4 e5 2. Nf3 Nc6 3. Nc3 Bb4 4. a3 Ba5 5. Bb5 a6 6. Ba4 Bxc3 7. bxc3 b5 8. Bb3 d6 9. d4 Bg4 10. Qd3 Nf6 11. 0-0 0-0 12. h3 Bh5 13. d5 Na5 14. Ba2 c5 15. Bg5 h6 16. Bh4 g5 17. Nxg5 hxg5 18. Bxg5 Kh7 19. f3 c4 20. Qe3 Kg7 21. Bh6+ 1-0

[Event "SN-2015-0-00651"]
[Site "LSS email"]
[Date "2015.01.03"]
[Round "?"]
[White "Guaimare Rodriguez, Carlos Luis"]
[Black "Losev, Vyacheslav"]
[Result "1-0"]
[WhiteElo "1016"]
[BlackElo "742"]
[PlyCount "77"]
[EventDate "2014.12.22"]
[EventType "tourn (corr)"]
[EventRounds "6"]
[EventCountry "GER"]
[SourceTitle "Corr 2022"]
[Source "ChessBase"]
[SourceDate "2021.10.24"]
[SourceVersion "1"]
[SourceVersionDate "2021.10.24"]
[SourceQuality "1"]

1. e4 e5 2. Nf3 Nc6 3. Bc4 Nf6 4. d3 Bc5 5. c3 d5 6. exd5 Nxd5 7. 0-0 0-0 8. Nxe5 Nxe5 9. Bxd5 Bxf2+ 10. Rxf2 Qxd5 11. d4 Ng4 12. Rf3 Nxh2 13. Kxh2 Bg4 14. Qf1 Bxf3 15. Qxf3 Qd6+ 16. Bf4 Qb6 17. b3 c5 18. dxc5 Qxc5 19. Nd2 Rad8 20. Nc4 Rd5 21. Re1 Rh5+ 22. Kg3 g6 23. Bd6 Qg5+ 24. Kf2 Rd8 25. Be7 Rd2+ 26. Nxd2 Qxd2+ 27. Qe2 Qf4+ 28. Qf3 Qc7 29. Bf6 Qd7 30. Re7 Qd2+ 31. Re2 Qd7 32. Re7 Qd2+ 33. Re2 Qd6 34. Re8+ Qf8 35. Rxf8+ Kxf8 36. g4 Rh2+ 37. Kg3 Rxa2 38. Qxb7 Ke8 39. Qc8# 1-0

[Event "SN-2015-0-00651"]
[Site "LSS email"]
[Date "2015.01.03"]
[Round "?"]
[White "Losev, Vyacheslav"]
[Black "Stoelzel, Werner"]
[Result "1-0"]
[WhiteElo "742"]
[BlackElo "1006"]
[PlyCount "35"]
[EventDate "2014.12.22"]
[EventType "tourn (corr)"]
[EventRounds "6"]
[EventCountry "GER"]
[SourceTitle "Corr 2022"]
[Source "ChessBase"]
[SourceDate "2021.10.24"]
[SourceVersion "1"]
[SourceVersionDate "2021.10.24"]
[SourceQuality "1"]

1. e4 e6 2. Nc3 Nf6 3. e5 Nd5 4. Nxd5 exd5 5. d4 Be7 6. Nf3 0-0 7. Bd3 c6 8. h4 d6 9. Ng5 g6 10. Bf4 dxe5 11. dxe5 Bb4+ 12. c3 Ba5 13. 0-0 d4 14. b4 Bb6 15. h5 dxc3 16. hxg6 fxg6 17. Qb3+ Qd5 18. Bc4 1-0

[Event "RN-2014-0-00868"]
[Site "LSS email"]
[Date "2014.11.14"]
[Round "?"]
[White "Smith, Harry E"]
[Black "Losev, Vyacheslav"]
[Result "0-1"]
[WhiteElo "645"]
[BlackElo "749"]
[PlyCount "46"]
[EventDate "2014.11.03"]
[EventType "tourn (corr)"]
[EventRounds "6"]
[EventCountry "GER"]
[SourceTitle "Corr 2015"]
[Source "ChessBase"]
[SourceDate "2015.07.17"]
[SourceVersion "1"]
[SourceVersionDate "2015.07.17"]
[SourceQuality "1"]

1. e4 e5 2. Nf3 Nc6 3. g3 Nf6 4. d3 Bc5 5. Bg5 h6 6. Bxf6 Qxf6 7. Bg2 d6 8. 0-0 0-0 9. Nc3 Bg4 10. Nd5 Qd8 11. c3 b5 12. b4 Bb6 13. Nxb6 axb6 14. Qd2 d5 15. exd5 Qxd5 16. Nd4 Qd6 17. Nxb5 Qg6 18. Nxc7 Rad8 19. Nd5 Be6 20. Nxb6 Rxd3 21. Qc2 Bf5 22. Nc4 Rxg3 23. Qxf5 Rxg2+ 0-1

[Event "LSS No Engine Cup 116 Preliminary 1"]
[Site "LSS email"]
[Date "2014.08.22"]
[Round "?"]
[White "Korinek, Jaroslav"]
[Black "Losev, Vyacheslav"]
[Result "1-0"]
[WhiteElo "1815"]
[BlackElo "749"]
[PlyCount "35"]
[EventDate "2014.08.23"]
[EventType "tourn (corr)"]
[EventRounds "6"]
[EventCountry "GER"]
[SourceTitle "Corr 2015"]
[Source "ChessBase"]
[SourceDate "2015.07.17"]
[SourceVersion "1"]
[SourceVersionDate "2015.07.17"]
[SourceQuality "1"]

1. e4 e5 2. f4 Nc6 3. Nf3 exf4 4. d4 Nf6 5. e5 Nd5 6. Bc4 Ne3 7. Bxe3 fxe3 8. Nc3 d6 9. 0-0 Bg4 10. Bxf7+ Kxf7 11. Ng5+ Ke8 12. Qxg4 Be7 13. Nf7 Qd7 14. e6 Qc8 15. Nxh8 Bf6 16. Rxf6 Ke7 17. Qxg7+ Ke8 18. Rf8# 1-0